| 000 | 00387nam a2200169Ia 4500 | ||
|---|---|---|---|
| 008 | 230524s9999 xx 000 0 und d | ||
| 082 |
_a537 _bGAU |
||
| 100 | _aR.K.Gaur | ||
| 245 | 0 | _aEngineering Physics | |
| 250 | _a8TH | ||
| 260 |
_aNEW DELHI _bDhanpat Rai _c2005 |
||
| 300 | _a64.2 | ||
| 500 | _aQuantity Number: 93 | ||
| 650 | _aPhysics | ||
| 700 | _a S.L.Gupta | ||
| 942 | _cBK | ||
| 999 |
_c11998 _d11998 |
||